000 01289nam a2200289 a 4500
003 OSt
005 20230719144327.0
007 cr ||||||a|c|a
008 230712s2023 mx a|||fom||| 001 0 spa d
040 _erda
100 1 _9187584
_aQuintero Cabriales, Alejandro
245 1 0 _aEvaluacón de modelos empíricos en la estimación de la geometría del bulbo húmedo en riego por goteo superficial /
_cpor Alejandro Quintero Cabriales ; director de tesis Jorge Víctor Prado Hernández.
264 1 _aChapingo, México :
_bEl autor,
_c2023.
300 _a1 recurso en línea (74 páginas):
_bcuadros, figuras.
336 _2rdacontent
_atexto
_btxt
337 _2rdamedia
_acomputadora
_bc
338 _2rdacarrier
_arecurso en línea
_bcr
502 _bII
_cIrrigación
_d2023.
_gLIC
504 _aIncluye referencias bibliográficas: páginas 58-63.
650 4 _9128690
_aSuelos
_xHumedad
_xMedición
650 4 _960431
_aIrrigación
_xModelos matemáticos
650 4 _9132385
_aRiego de superficie
_xEvaluación
650 4 _997380
_aRiego por goteo
700 1 _991267
_aPrado Hernández, Jorge Víctor
_eDirector de tesis.
856 _uhttp://10.13.5.2/tesis/tl/1211952-2_Quintero-Cabriales_Alejandro.pdf
_zDESCARGAR PDF
942 _2Clasificación Universidad Autónoma Chapingo
_cTD
999 _c219031
_d219031